[Event "IPCA Wch 12th"]
[Site "Split"]
[Date "2012.06.22"]
[Round "6"]
[White "Jakesevic, Branko"]
[Black "Tsapalin, Sergey"]
[Result "1/2-1/2"]
[WhiteElo "2063"]
[BlackElo "1976"]
[PlyCount "112"]
[EventDate "2012.06.18"]
[EventType "swiss"]
[EventRounds "9"]
[EventCountry "CRO"]
[SourceTitle "CBM 149 Extra"]
[Source "ChessBase"]
[SourceDate "2012.08.24"]
[SourceVersion "1"]
[SourceVersionDate "2012.08.24"]
[SourceQuality "1"]

1. e4 c5 2. Nf3 d6 3. d4 cxd4 4. Nxd4 Nf6 5. Nc3 g6 6. Be2 Bg7 7. Be3 Nc6 8. g4 Nxg4 9. Nxc6 Nxe3 10. Nxd8 Nxd1 11. Nxd1 Kxd8 12. c3 Be6 13. Ne3 Rc8 14. 0-0 f5 15. f3 f4 16. Nd5 Be5 17. Kg2 Rc5 18. Rfd1 g5 19. Nb4 Ke8 20. Nd3 Ra5 21. a3 Bb3 22. Rd2 b5 23. Nb4 Kd7 24. Nd3 Ke6 25. Nb4 Rc8 26. h4 h6 27. hxg5 hxg5 28. Rh1 Bc4 29. Rh6+ Bf6 30. Bd1 Kf7 31. Kg1 Rh8 32. Rdh2 Rxh6 33. Rxh6 Kg7 34. Rh2 Bf7 35. Rd2 Be5 36. Kg2 Bxc3 37. bxc3 Rxa3 38. Nc6 Kf6 39. Be2 a6 40. Rc2 Be8 41. Nb4 e6 42. Ra2 Rxa2 43. Nxa2 a5 44. Kf2 Ke5 45. Nc1 d5 46. Nd3+ Kd6 47. e5+ Kc6 48. Nc1 a4 49. Nd3 Bg6 50. Nb4+ Kc5 51. Na6+ Kb6 52. Nb4 a3 53. Bd1 Bb1 54. Bb3 Kc5 55. Na6+ Kb6 56. Nb4 Kc5 1/2-1/2

[Event "IPCA Wch 12th"]
[Site "Split"]
[Date "2012.06.19"]
[Round "3"]
[White "Tocklin, Tomi"]
[Black "Jakesevic, Branko"]
[Result "1/2-1/2"]
[WhiteElo "1854"]
[BlackElo "2063"]
[PlyCount "25"]
[EventDate "2012.06.18"]
[EventType "swiss"]
[EventRounds "9"]
[EventCountry "CRO"]
[SourceTitle "CBM 149 Extra"]
[Source "ChessBase"]
[SourceDate "2012.08.24"]
[SourceVersion "1"]
[SourceVersionDate "2012.08.24"]
[SourceQuality "1"]

1. e4 c5 2. Nf3 e6 3. c3 Nf6 4. e5 Nd5 5. d4 cxd4 6. cxd4 d6 7. Nc3 Nxc3 8. bxc3 dxe5 9. Nxe5 a6 10. Bd3 Qc7 11. Bd2 Bd6 12. Qa4+ Bd7 13. Nxd7 1/2-1/2

[Event "CRO-chT3 West"]
[Site "Croatia"]
[Date "2011.04.10"]
[Round "5.51"]
[White "Siljan, Milorad"]
[Black "Jakesevic, Branko"]
[Result "1-0"]
[WhiteElo "2115"]
[BlackElo "2078"]
[PlyCount "83"]
[EventDate "2011.03.12"]
[EventType "team-tourn"]
[EventRounds "9"]
[EventCountry "CRO"]
[SourceTitle "EXT 2014"]
[Source "ChessBase"]
[SourceDate "2013.11.20"]
[SourceVersion "1"]
[SourceVersionDate "2013.11.20"]
[SourceQuality "1"]

1. e4 c5 2. Nf3 d6 3. d4 cxd4 4. Nxd4 Nf6 5. Nc3 a6 6. Be3 e6 7. Qd2 Be7 8. f3 Bd7 9. g4 Bc6 10. 0-0-0 Qc7 11. g5 Nfd7 12. Bh3 Nf8 13. f4 h6 14. g6 Nxg6 15. f5 exf5 16. exf5 Ne5 17. Rhg1 Bf6 18. Qe2 Nbd7 19. Nxc6 bxc6 20. Ne4 d5 21. Nxf6+ gxf6 22. Kb1 Qb7 23. Rg3 Qb5 24. Qe1 a5 25. Bd4 a4 26. Bf1 Qb7 27. c4 Rb8 28. cxd5 cxd5 29. Re3 Kf8 30. Qd2 h5 31. a3 h4 32. Bc3 Rh5 33. Rh3 Nb6 34. Bb4+ Kg7 35. Be2 Rxf5 36. Rg1+ Rg5 37. Rxg5+ fxg5 38. Qxg5+ Ng6 39. Rxh4 d4 40. Qh6+ Kf6 41. Rf4+ Ke6 42. Bg4+ 1-0

[Event "CRO-chT3 West"]
[Site "Croatia"]
[Date "2011.03.13"]
[Round "2.31"]
[White "Jakesevic, Branko"]
[Black "Galic, Simeun"]
[Result "1-0"]
[WhiteElo "2078"]
[BlackElo "2009"]
[PlyCount "57"]
[EventDate "2011.03.12"]
[EventType "team-tourn"]
[EventRounds "9"]
[EventCountry "CRO"]
[SourceTitle "EXT 2014"]
[Source "ChessBase"]
[SourceDate "2013.11.20"]
[SourceVersion "1"]
[SourceVersionDate "2013.11.20"]
[SourceQuality "1"]

1. d4 d5 2. c4 e6 3. Nc3 Bb4 4. Qa4+ Nc6 5. e3 Bxc3+ 6. bxc3 Bd7 7. Qc2 Nf6 8. Ba3 Ne7 9. Nf3 Ne4 10. Bd3 f5 11. Ne5 Ng6 12. Nxd7 Qxd7 13. cxd5 exd5 14. f3 Nd6 15. Bxd6 Qxd6 16. Bxf5 Nh4 17. Bd3 Qh6 18. Qf2 0-0 19. 0-0 Rae8 20. Rae1 Rf6 21. f4 Rfe6 22. g3 Ng6 23. c4 c6 24. cxd5 cxd5 25. e4 Rd6 26. e5 Rdd8 27. f5 Ne7 28. f6 Rf8 29. fxe7 1-0

[Event "CRO-chT3 West"]
[Site "Croatia"]
[Date "2011.03.12"]
[Round "1.31"]
[White "Racki, Barbara"]
[Black "Jakesevic, Branko"]
[Result "1/2-1/2"]
[WhiteElo "1848"]
[BlackElo "2078"]
[PlyCount "67"]
[EventDate "2011.03.12"]
[EventType "team-tourn"]
[EventRounds "9"]
[EventCountry "CRO"]
[SourceTitle "EXT 2014"]
[Source "ChessBase"]
[SourceDate "2013.11.20"]
[SourceVersion "1"]
[SourceVersionDate "2013.11.20"]
[SourceQuality "1"]

1. e4 c5 2. c3 Nf6 3. e5 Nd5 4. d4 cxd4 5. Nf3 e6 6. cxd4 d6 7. Bc4 dxe5 8. Nxe5 Bb4+ 9. Bd2 Bxd2+ 10. Qxd2 0-0 11. 0-0 b6 12. Re1 Bb7 13. Nc3 Nf6 14. Nxf7 Rxf7 15. Bxe6 Qf8 16. Re2 Kh8 17. Bxf7 Qxf7 18. Rae1 Qg6 19. d5 Nbd7 20. Re7 Rf8 21. f3 h6 22. b4 a6 23. R1e6 Bc8 24. Qd4 Qg5 25. f4 Qf5 26. g3 Kh7 27. Rd6 Re8 28. Rde6 Rxe7 29. Rxe7 Qc2 30. Ne4 Qb1+ 31. Kf2 Qxa2+ 32. Kf1 Qb1+ 33. Kg2 Qc2+ 34. Kg1 1/2-1/2

[Event "CRO-chT3 West"]
[Site "Croatia"]
[Date "2010.10.24"]
[Round "9.53"]
[White "Mitrovic, Nikola"]
[Black "Jakesevic, Branko"]
[Result "0-1"]
[WhiteElo "1862"]
[BlackElo "2083"]
[PlyCount "40"]
[EventDate "2010.03.27"]
[EventType "team-tourn"]
[EventRounds "9"]
[EventCountry "CRO"]
[SourceTitle "EXT 2012"]
[Source "ChessBase"]
[SourceDate "2011.11.24"]
[SourceVersion "1"]
[SourceVersionDate "2011.11.24"]
[SourceQuality "1"]

1. d4 Nf6 2. c4 g6 3. Nc3 Bg7 4. Bf4 d6 5. Nf3 Nbd7 6. e3 c5 7. dxc5 Nxc5 8. b4 Nce4 9. Nxe4 Nxe4 10. Rc1 a5 11. c5 axb4 12. cxd6 0-0 13. dxe7 Qxe7 14. Rc7 Bc3+ 15. Nd2 Qd8 16. Bc4 Nxd2 17. Ke2 Nxc4 18. Qxd8 Bg4+ 19. f3 Rxa2+ 20. Kd3 Nb2+ 0-1

[Event "CRO-chT3"]
[Site "Zagreb"]
[Date "2008.10.05"]
[Round "7"]
[White "Jakesevic, Branko"]
[Black "Krizanovic, Zvonko"]
[Result "1/2-1/2"]
[WhiteElo "2095"]
[BlackElo "2056"]
[PlyCount "120"]
[EventDate "2008.03.30"]
[EventType "team-tourn"]
[EventRounds "9"]
[EventCountry "CRO"]
[SourceTitle "EXT 2011"]
[Source "ChessBase"]
[SourceDate "2010.11.26"]
[SourceVersion "1"]
[SourceVersionDate "2010.11.26"]
[SourceQuality "1"]

1. e4 c6 2. d4 d5 3. Nc3 dxe4 4. Nxe4 Nf6 5. Nxf6+ gxf6 6. c3 Bf5 7. Bc4 e6 8. Qf3 Bd6 9. Ne2 Nd7 10. a4 Rg8 11. h3 Qc7 12. a5 a6 13. b4 Bg6 14. Bb3 e5 15. dxe5 fxe5 16. Ng3 0-0-0 17. Be3 Rgf8 18. Nf5 Rde8 19. Rd1 Be7 20. 0-0 e4 21. Nxe7+ Rxe7 22. Qg3 Qxg3 23. fxg3 f5 24. Bg5 Ree8 25. Bh6 Bf7 26. Rxd7 Kxd7 27. Bxf8 Bxb3 28. Rxf5 e3 29. Kf1 Bc4+ 30. Ke1 Bd5 31. Bc5 e2 32. g4 Bxg2 33. Rf7+ Ke6 34. Rxh7 Kd5 35. g5 Kc4 36. h4 Kd3 37. Rd7+ Bd5 38. Re7 Rxe7 39. Bxe7 Bf7 40. Bf6 Bh5 41. Be7 Ke3 42. Bc5+ Kd3 43. Bd4 Bg6 44. Be5 Ke3 45. Bh2 Bh5 46. Bg1+ Kd3 47. Bd4 Bg6 48. Be5 Ke3 49. c4 Bh5 50. Bc3 Kd3 51. Bd2 Bg6 52. c5 Bh5 53. Bf4 Ke4 54. Bc1 Kd3 55. Bf4 Ke4 56. Bg3 Ke3 57. Be5 Bg6 58. Bb2 Bh5 59. Bc1+ Kd3 60. Bd2 Bg6 1/2-1/2

[Event "CRO-chT3 Center"]
[Site "Zagreb"]
[Date "2005.05.22"]
[Round "6.5"]
[White "Balenovic, Zvonimir"]
[Black "Jakesevic, Branko"]
[Result "1/2-1/2"]
[WhiteElo "2256"]
[BlackElo "2076"]
[PlyCount "130"]
[EventDate "2005.04.03"]
[EventType "tourn"]
[EventRounds "11"]
[EventCountry "CRO"]
[SourceTitle "EXT 2007"]
[Source "ChessBase"]
[SourceDate "2006.11.23"]
[SourceVersion "1"]
[SourceVersionDate "2006.11.23"]
[SourceQuality "1"]

1. Nf3 Nf6 2. g3 g6 3. Bg2 d5 4. 0-0 Bg7 5. d4 0-0 6. c4 c6 7. b3 Bf5 8. Nc3 Ne4 9. Bb2 Nxc3 10. Bxc3 Be4 11. Rc1 Bh6 12. Bd2 Bg7 13. Be3 Nd7 14. Qd2 Bxf3 15. Bxf3 e6 16. Bh6 dxc4 17. Bxg7 Kxg7 18. bxc4 Qe7 19. Qb2 Nf6 20. Rfd1 Kg8 21. Rd3 Rac8 22. Rb3 b6 23. Rd1 Rfd8 24. e4 Nd7 25. Qa3 Qxa3 26. Rxa3 Rc7 27. Be2 Kf8 28. d5 cxd5 29. cxd5 e5 30. d6 Rb7 31. Bb5 a5 32. Bc6 Rbb8 33. Bxd7 Rxd7 34. Rb3 f6 35. Rd5 Rbb7 36. f4 exf4 37. gxf4 Kf7 38. f5 Ke8 39. e5 fxe5 40. Rxe5+ Kf7 41. fxg6+ Kxg6 42. Re6+ Kf5 43. Rbe3 Rb8 44. Kf2 Rc8 45. R6e5+ Kf6 46. Re6+ Kf5 47. R3e5+ Kf4 48. Re4+ Kf5 49. Ke3 Rc3+ 50. Kd4 Rc2 51. R4e5+ Kf4 52. Rf6+ Kg4 53. Kd5 Rd8 54. h3+ Kg3 55. Rg5+ Kh2 56. Rg7 h5 57. Rh6 Rxa2 58. Kc6 Rc2+ 59. Kxb6 Rb8+ 60. Ka7 Rd8 61. Rc7 Rd2 62. Rxh5 R8xd6 63. Rxa5 Rd7 64. Rxd7 Rxd7+ 65. Kb6 Kxh3 1/2-1/2